| 000 | 01162nam a2200265Ia 4500 | ||
|---|---|---|---|
| 999 |
_c52905 _d52905 |
||
| 001 | 19935 | ||
| 003 | GE_BSU | ||
| 005 | 20200516212202.0 | ||
| 008 | 181216s1977||||ge |||||||||||||| ||geo|| | ||
| 040 | _cGE_BSU | ||
| 041 | _ageo | ||
| 080 | _a81(479.22)(092) ჭ-49 | ||
| 100 |
_aჭინჭარაული, ალ. _97560 |
||
| 245 |
_aაკაკი შანიძე - მთის მკვლევარი / _cალ. ჭინჭარაული ; რედ. ვ. პაიკიძე, ლ. მენთეშაშვილი. |
||
| 264 |
_aთბილისი : _bგანათლება, _c1977. |
||
| 300 |
_a46 გვ. : _b1 ფ. პორტრ. ; _c20 სმ. |
||
| 490 | _a(ადამიანი - ჩირაღდანი) | ||
| 541 | _h32თ. | ||
| 653 | _a-შანიძე აკაკი | ||
| 653 | _aქართველი ენათმეცნიერები | ||
| 653 | _aქართული ენა | ||
| 700 |
_aპაიკიძე, ვ. _eრედაქტორი _97826 |
||
| 700 |
_aმენთეშაშვილი, ლ. _eრედაქტორი _91069 |
||
| 942 |
_cBK _2udc |
||